Which invention came first? - Statistics

General Stats
  • This quiz has been taken 87 times
  • The average score is 6 of 10
Answer Stats
Question Answer % Correct
WHAT CAME FIRST? HOUSEHOLD REFRIGERATOR
100%
WHAT CAME FIRST? TOASTER
100%
WHAT CAME FIRST? HUBBLE SPACE TELESCOPE
80%
WHAT CAME FIRST? AOL
60%
WHAT CAME FIRST? ONLINE MEDIA STREAMING/INTERNET TV/INTERNET RADIO
60%
WHAT CAME FIRST? INSULIN
40%
WHAT CAME FIRST? ZIP DRIVE
40%
WHAT CAME FIRST? ZIPPER
40%
WHAT CAME FIRST? IMPLANTABLE PACEMAKER
20%
WHAT CAME FIRST? XEROGRAPHIC/LASER PRINTING
20%
No matching quizzes found
Score Distribution
Percent of People with Each Score
Percentile by Number Answered
Your Score History
You have not taken this quiz